Man on the spot : (Record no. 14426)
[ view plain ]
| 000 -LEADER | |
|---|---|
| fixed length control field | 00748nam a2200253 a 4500 |
| 001 - CONTROL NUMBER | |
| control field | ASIN1846245176 |
| 005 - DATE AND TIME OF LATEST TRANSACTION | |
| control field | 20170105102855.0 |
| 008 - FIXED-LENGTH DATA ELEMENTS--GENERAL INFORMATION | |
| fixed length control field | 130827s2010 xxu eng d |
| 020 ## - INTERNATIONAL STANDARD BOOK NUMBER | |
| International Standard Book Number | 1846245176 (hardcover) |
| 020 ## - INTERNATIONAL STANDARD BOOK NUMBER | |
| International Standard Book Number | 9781846245176 (hardcover) |
| 040 ## - CATALOGING SOURCE | |
| Original cataloging agency | 0 |
| 050 04 - LIBRARY OF CONGRESS CALL NUMBER | |
| Classification number | PN4888.T4 |
| 082 04 - DEWEY DECIMAL CLASSIFICATION NUMBER | |
| Classification number | 070.92 |
| 100 1# - MAIN ENTRY--PERSONAL NAME | |
| Personal name | Hamilton, Bill. |
| 245 10 - TITLE STATEMENT | |
| Title | Man on the spot : |
| Remainder of title | a broadcaster's story / |
| Statement of responsibility, etc. | Bill Hamilton. |
| 250 ## - EDITION STATEMENT | |
| Edition statement | First ed. |
| 260 ## - PUBLICATION, DISTRIBUTION, ETC. | |
| Place of publication, distribution, etc. | [S.l.] : |
| Name of publisher, distributor, etc. | Book Guild Ltd, |
| Date of publication, distribution, etc. | 2010. |
| 300 ## - PHYSICAL DESCRIPTION | |
| Extent | 352 p. ; |
| Dimensions | 24 cm. |
| 650 #0 - SUBJECT ADDED ENTRY--TOPICAL TERM | |
| Topical term or geographic name entry element | Great Britain |
| 650 #0 - SUBJECT ADDED ENTRY--TOPICAL TERM | |
| Topical term or geographic name entry element | Hamilton, Bill, 1944- |
| 650 #0 - SUBJECT ADDED ENTRY--TOPICAL TERM | |
| Topical term or geographic name entry element | Television journalists |
| 856 40 - ELECTRONIC LOCATION AND ACCESS | |
| Materials specified | Amazon.com |
| Uniform Resource Identifier | <a href="http://www.amazon.com/exec/obidos/ASIN/1846245176/chopaconline-20">http://www.amazon.com/exec/obidos/ASIN/1846245176/chopaconline-20</a> |
| 942 ## - ADDED ENTRY ELEMENTS (KOHA) | |
| Source of classification or shelving scheme | |
| Koha item type | Book |
| Withdrawn status | Lost status | Damaged status | Not for loan | Collection code | Permanent Location | Current Location | Shelving location | Date acquired | Total Checkouts | Full call number | Barcode | Date last seen | Price effective from | Koha item type |
|---|---|---|---|---|---|---|---|---|---|---|---|---|---|---|
| Centre for International Peace & Stability (CIPS) | Centre for International Peace & Stability (CIPS) | General Stacks | 08/27/2013 | 070.92 HAM 2010 | CIPS0000818 | 08/27/2013 | 08/27/2013 | Book |
